000
00328nam a2200145Ia 4500
003
OSt
005
20240209152706.0
008
170524s9999 xx 000 0 und d
020
_a
8180542262
040
_c
iimtu meerut
100
_a
SWARUP- K
245
0
_a
OPERATION RESEARCH
260
_b
GALGOTIA PUB. HOUSE
942
_2
ddc
_c
02
999
_c
8044
_d
8044